000 00326nam a2200109Ia 4500
008 200302s9999 xx 000 0 und d
100 _aJanet R. Strachan & Others
245 _aThe Plain Language Guide to the World Summit on Sustainable Development
260 _bEarthScan Publications Ltd.
260 _c2006
300 _a253 P.,
999 _c5714
_d5714